El espejo de tres faces
Bewaard in:
| Hoofdauteur: | |
|---|---|
| Formaat: | Boek |
| Taal: | Undetermined |
| Gepubliceerd in: |
Santiago, Chile
Ercilla
1937
|
| Onderwerpen: | |
| Tags: |
Voeg label toe
Geen labels, Wees de eerste die dit record labelt!
|
MARC
| LEADER | 00000nam a2200000Ia 4500 | ||
|---|---|---|---|
| 008 | 170316s9999 xx 000 0 und d | ||
| 040 | |a cru BVZT | ||
| 090 | |a 860 B-29e | ||
| 100 | |a Blanco-Fombona, Rufino | ||
| 245 | |a El espejo de tres faces | ||
| 260 | |a Santiago, Chile | ||
| 260 | |b Ercilla | ||
| 260 | |c 1937 | ||
| 300 | |a 377 páginas | ||
| 650 | |a LITERATURA LATINOAMERICANA | ||
| 999 | |c 8414 |d 8414 | ||
| 942 | |c 15 D |h 860 B-29e |2 z | ||
